Dopadové efekty podporných programov na poľnohospodárstvo a vidiek
Hodnotenie a vecná analýza implementácie podporných programov. Kvantitatívna analýza prostredníctvom dostupných údajov z Poľnohospodárskej platobnej agentúry, resp. z dostupných verejných štatistík. Kvalitatívna analýza prostredníctvom dotazníkov zaslaných vybraným beneficientom rezortných programov...
Saved in:
| Main Author: | |
|---|---|
| Format: | Book Chapter |
| Language: | Slovak |
| Subjects: | |
| Tags: |
No Tags, Be the first to tag this record!
|
MARC
| LEADER | 00000naa$a2200000$$$4500 | ||
|---|---|---|---|
| 001 | 0116697 | ||
| 005 | 20231018092343.1 | ||
| 041 | 0 | |a slo | |
| 044 | |a SK | ||
| 245 | 1 | 0 | |a Dopadové efekty podporných programov na poľnohospodárstvo a vidiek |c Stanislav Buchta |
| 520 | |a Hodnotenie a vecná analýza implementácie podporných programov. Kvantitatívna analýza prostredníctvom dostupných údajov z Poľnohospodárskej platobnej agentúry, resp. z dostupných verejných štatistík. Kvalitatívna analýza prostredníctvom dotazníkov zaslaných vybraným beneficientom rezortných programov. | ||
| 610 | 2 | 0 | |a poľnohospodárstvo |
| 610 | 2 | 0 | |a vidiek |
| 610 | 2 | 0 | |a podpory |
| 610 | 2 | 0 | |a programy rozvojové |
| 610 | 2 | 0 | |a Slovensko |
| 610 | 2 | 0 | |a analýza kvantitatívna |
| 610 | 2 | 0 | |a analýzy |
| 610 | 2 | 0 | |a kvalita |
| 100 | 1 | |a Buchta, Stanislav | |